00727nam a2200193 a 450000100100000000500170001000800410002702000150006804000250008308200130010810000290012124500670015026000300021730000200024704900090026795201170027695201230039399900170051600002210120200930011601.0100916s1999 ve 000 0 spa d a9806432126 aDO-SdBNPbspacBNPHU ann*bnn*1 aFraga R., Carlos.94579310aConsciencia de riqueza :bguía práctica /cCarlos Fraga R. aCaracas :bUrania,c1999. a85 p. ;c22 cm. aBNGR 001054708MOaGRbGRcCTd2010-09-16iLF1l0onn* nn*p22101-10r2020-06-25w2020-06-25y4ZPréstamo en sala 001054728MOaGRbGRcCTd2010-09-16iLF1l0onn* nn*p22101-20r2020-06-25te. 2w2020-06-25y4ZPréstamo en sala c21599d21599